[Event "Berlin Lieb Memorial 2nd"]
[Site "Berlin"]
[Date "2016.05.19"]
[Round "1"]
[White "Kuehnemann, Gunnar"]
[Black "Von Herman, Ulf"]
[Result "0-1"]
[WhiteElo "1749"]
[BlackElo "2339"]
[PlyCount "94"]
[EventDate "2016.05.19"]
[EventType "swiss"]
[EventRounds "7"]
[EventCountry "GER"]
[SourceTitle "EXT 2022"]
[Source "ChessBase"]
[SourceDate "2021.10.06"]
[SourceVersion "1"]
[SourceVersionDate "2021.10.06"]
[SourceQuality "1"]

1. d4 Nf6 2. c4 e6 3. Nf3 d5 4. Bg5 h6 5. Bxf6 Qxf6 6. Nc3 c6 7. e3 Nd7 8. Be2 g6 9. 0-0 dxc4 10. Bxc4 Bg7 11. Ne4 Qe7 12. Rc1 0-0 13. a3 b6 14. Qe2 a6 15. Rfd1 Bb7 16. Nc3 Rfd8 17. Rd2 b5 18. Ba2 c5 19. d5 c4 20. Bb1 Bxc3 21. d6 Qf8 22. bxc3 Nc5 23. Bc2 Rxd6 24. Rxd6 Qxd6 25. Rd1 Qc7 26. Qd2 Rc8 27. Qd4 Nb3 28. Qd6 Qxd6 29. Rxd6 Kf8 30. Nd4 Nc5 31. f3 Ke7 32. Rb6 Kd7 33. Nxb5 axb5 34. Rxb5 Kc6 35. Rb4 Ba6 36. Kf2 Ra8 37. a4 f5 38. e4 fxe4 39. Bxe4+ Nxe4+ 40. fxe4 Kc5 41. Rb2 Rd8 42. Ke2 e5 43. g3 Rd3 44. Rc2 Bb7 45. Rb2 Bc6 46. a5 Rxc3 47. a6 Ra3 0-1

[Event "Berlin Eckbauer op 17th"]
[Site "Berlin"]
[Date "2014.10.06"]
[Round "1"]
[White "Kuehnemann, Gunnar"]
[Black "Kostyuchenko, Dmitry"]
[Result "0-1"]
[WhiteElo "1749"]
[BlackElo "2007"]
[PlyCount "70"]
[EventDate "2014.10.06"]
[EventType "swiss"]
[EventRounds "7"]
[EventCountry "GER"]
[SourceTitle "EXT 2022"]
[Source "ChessBase"]
[SourceDate "2021.10.06"]
[SourceVersion "1"]
[SourceVersionDate "2021.10.06"]
[SourceQuality "1"]

1. d4 Nf6 2. c4 g6 3. Nc3 d5 4. cxd5 Nxd5 5. e4 Nxc3 6. bxc3 Bg7 7. Nf3 c5 8. Rb1 0-0 9. Be2 Nc6 10. d5 Ne5 11. Nxe5 Bxe5 12. Qc2 Qc7 13. g3 Bh3 14. f4 Bg7 15. Be3 e6 16. c4 f5 17. e5 Bg2 18. Rg1 Be4 19. Bd3 exd5 20. cxd5 Bxd5 21. Qxc5 Qf7 22. a4 Rfc8 23. Qa3 Bf8 24. Qb2 b6 25. Ba6 Rc7 26. Kf2 Bc5 27. Bxc5 Rxc5 28. Rbc1 g5 29. Rxc5 bxc5 30. Qb5 Qh5 31. Qe2 Qxh2+ 32. Kf1 Qh3+ 33. Kf2 Rb8 34. Bc4 Qh2+ 35. Kf1 Rb1+ 0-1

[Event "Zehlendorf op 14th"]
[Site "Berlin"]
[Date "2014.05.08"]
[Round "1"]
[White "Kuehnemann, Gunnar"]
[Black "Von Herman, Ulf"]
[Result "0-1"]
[WhiteElo "1783"]
[BlackElo "2384"]
[PlyCount "58"]
[EventDate "2014.05.08"]
[EventType "swiss"]
[EventRounds "7"]
[EventCountry "GER"]
[SourceTitle "EXT 2023"]
[Source "ChessBase"]
[SourceDate "2022.10.05"]
[SourceVersion "1"]
[SourceVersionDate "2022.10.05"]
[SourceQuality "1"]

1. d4 Nf6 2. c4 c5 3. d5 e6 4. Nc3 exd5 5. cxd5 d6 6. e4 g6 7. Nf3 a6 8. a4 Bg4 9. Be2 Bxf3 10. Bxf3 Bg7 11. Bg5 Nbd7 12. 0-0 Qe7 13. Re1 h6 14. Bh4 Ne5 15. Be2 g5 16. Bg3 h5 17. f3 Nfd7 18. h3 Ng6 19. Qd2 Bd4+ 20. Bf2 Bxf2+ 21. Kxf2 Nde5 22. Nd1 g4 23. fxg4 hxg4 24. Bxg4 Nxg4+ 25. hxg4 Ne5 26. Ne3 Qg5 27. Rad1 Rh2 28. Nf1 Qh4+ 29. Kg1 Rh1# 0-1